000 00514nam a2200157 i 4500
001 98263
003 ES-MaACL
007 t|
008 050727s1968 sp ||||1| spa d
100 1 _aMartelet, Gustave.
_977164
245 1 4 _aLas ideas fundamentales del Vaticano II
_b: iniciación al espíritu del Concilio /
_cGustave Martelet; traducción de J. A. Pombo.
260 _aBarcelona :
_bHerder,
_c1968.
300 _a268 p. ;
_c22 cm.
700 1 _aPombo, Josep A.
_992907
852 _aES-MaACL
_jG-6726
_bR.65510
999 _c98263
_d98263